"Semmiféle dac nincs bennem" újra Szegeden Telihay Péter /
Elmentve itt :
| Szerző: | |
|---|---|
| Dokumentumtípus: | Cikk |
| Megjelent: |
1996-10-07
|
| Sorozat: | Délmagyarország
86 No. 234 |
| Kulcsszavak: | Telihay Péter |
| Online Access: | http://dmarchiv.bibl.u-szeged.hu/100741 |
| LEADER | 00489nab a2200157 i 4500 | ||
|---|---|---|---|
| 001 | delm100741 | ||
| 005 | 20191011132750.0 | ||
| 008 | 191011s1996 hu o 0|| hun d | ||
| 040 | |a SZTE Délmagyarország Archívum |b hun | ||
| 041 | |a hun | ||
| 100 | 1 | |a Sulyok Erzsébet | |
| 245 | 1 | 0 | |a "Semmiféle dac nincs bennem" |h [elektronikus dokumentum] : |b újra Szegeden Telihay Péter / |c Sulyok Erzsébet |
| 260 | |c 1996-10-07 | ||
| 300 | |a 13 | ||
| 490 | 0 | |a Délmagyarország |v 86 No. 234 | |
| 695 | |a Telihay Péter | ||